00313nam a2200121Ia 4500008004100000082001600041100001900057245004400076250000800120260004700128300000800175650000800183191201s2012 xx 000 0 und d a658.87bDHC aDHOTRE, Meenal 0aChannel Management and Retail Marketing aRep aN. DelhibHimalaya Publication Housec2012 a203 aBBA